000 00682nam a2200289Ia 4500
005 20260324143519.0
008 008 260324s9999 xx 000 0 eng d
020 _a9781315785387
037 _aEBOOK
040 _aCRL
040 _beng
040 _cCRL
041 _2eng
041 _aeng
084 _qCRL
100 _aUri Zernik
_91215906
245 0 _aLexical Acquisition
245 0 _bExploiting On-line Resources To Build A Lexicon
260 _bTaylor and Francis
260 _c1991
365 _a
365 _b220
856 _uhttp://www.taylorfrancis.com/books/9781315785387
942 _cEBOOK
999 _c1821405
_d1821405